000 01804nam a2200421 a 4500
001 82798
003 BD-RjUL
005 20240127135124.0
008 050527s1953 ir 000 0 per d
035 _a(BD-RjUL)82798
040 _aNNL
_bara
_cBD-RjUL
041 _aper
082 _223
_a297.03
_bQAY 1953
100 1 _aقزوينى، محمد، ;; Qazwini, Muhammad,
_d1877-1949
_911152
245 1 0 _aيادداشتهاى قزوينى /Yadadashthay Qazvini /
_cمحمد قزويني ;; Muhammad Qazwini,
260 _aتهران :
_bچاپخانۀ دانشگاه،
_c١٣٣٢-١٣٤٥[ش].
300 _a٧ مجلدات.
490 1 _a ;انتشارات دانشگاه تهران ؛
_v١٨٧،
500 _aجلد ٢-٦، :٨ بكوشش ايرج افشار.
500 _aللمجلد ٤-٦، ٨ عنوان ثان باللغة الفرنسية هذه صورته:
500 _aYaddasht-haye Qazvini.
500 _aمضمونه:
500 _aج :١ حرف الف. ١٣٣٢.
500 _aج :٢ ب، ت، ث، ج. ١٣٣٣.
500 _aج :٣ يادداشتهاى موقتى. ١٣٣٦.
500 _aج :٤ ب، پ، ت، ح، خ، د، ذ. ١٣٣٧.
500 _aج :٥ ر-ظ. ١٣٣٩.
500 _aج :٦ ع-گ. ١٣٤١.
500 _aج :٨ فهرس كتابخانه - وفيات معاصرين - دستور المنجمين - اصطلاحات وامثال.
500 _aيوجد ايضا في الفهرست الافرنجي حسب:
500 _aKazwini, Muhammad ibn 'Abd al-Wahhab.
505 _aVol.1.--
650 4 _aEncyclopedias and dictionaries, Persian
_911153
650 4 _aIslam
_vDictionaries
_911154
700 1 _aافشار، ايرج،
_d1925-2011
_911155
830 0 _aانتشارات دانشگاه تهران ;
_v١٨٧.
942 _2ddc
_cBK
999 _c82798
_d82798